=LDR 00000nam 2200000 4500 =001 INLIS000000000024633 =005 20130612123216 =008 ***********************************Ind** =035 ##$$0010-061300000024633 =041 ##$$a Ind =082 ##$$a 658.151 1 =090 ##$$a 658.151 1, Mul a =100 ##$$a Mulyadi =245 ##$$a Akuntansi manajemen, konsep, manfaat, dan rekayasa, Mulyadi =260 ##$$a 1997 $b Yogyakarta =300 ##$$a xxx, 536 hlm, 25 cm =650 ##$$a Akuntansi =850 ##$$a NBPNMAT